[Event "TUR-chT Clubs"]
[Site "Konya"]
[Date "2019.07.21"]
[Round "9.22"]
[White "Yunus, Baris"]
[Black "Temizel, Omer"]
[Result "0-1"]
[WhiteElo "1132"]
[BlackElo "1190"]
[PlyCount "108"]
[EventDate "2019.07.16"]
[EventType "team-swiss"]
[EventRounds "9"]
[EventCountry "TUR"]
[SourceTitle "CBM 191 Extra"]
[Source "ChessBase"]
[SourceDate "2019.09.30"]
[SourceVersion "1"]
[SourceVersionDate "2019.09.30"]
[SourceQuality "1"]
[WhiteTeam "Bornova Belediyesi Genclik"]
[BlackTeam "Duzici Okyanus"]
[WhiteTeamCountry "TUR"]
[BlackTeamCountry "TUR"]

1. Nf3 d6 2. g3 g6 3. Bg2 Bg7 4. 0-0 Nf6 5. d4 0-0 6. c4 c6 7. Nc3 Bg4 8. Bg5 Qc8 9. Qd2 Na6 10. Rac1 Nc7 11. e4 Rd8 12. Rfd1 a6 13. a4 Ne6 14. Be3 Nf8 15. b4 Bh3 16. d5 Bxg2 17. Kxg2 Ng4 18. Bb6 Re8 19. c5 Bh6 20. Qe2 Bxc1 21. Rxc1 Nd7 22. dxc6 bxc6 23. Nd4 Nge5 24. f4 Nxb6 25. cxb6 Nd7 26. Nd5 c5 27. Nb3 Rb8 28. a5 Qb7 29. Nc7 Rf8 30. bxc5 Nxc5 31. Nxc5 dxc5 32. Nxa6 Ra8 33. Nxc5 Qc6 34. Qe3 Rxa5 35. Nb3 Ra2+ 36. Kf3 Qf6 37. e5 Qf5 38. Nd4 Qh5+ 39. Ke4 e6 40. Qc3 f5+ 41. Ke3 Qxh2 42. Qe1 Ra3+ 43. Rc3 Rxc3+ 44. Qxc3 Qxg3+ 45. Nf3 g5 46. fxg5 f4+ 47. Ke4 Qg4 48. Qc4 Qf5+ 49. Kd4 Rd8+ 50. Kc3 Qf7 51. Qa6 Qd7 52. b7 Qc7+ 53. Kb3 Kf7 54. Qb5 Rb8 0-1